00622nam a22001817a 4500003000400000005001700004008004100021040002500062100003100087245008500118260002400203300002400227590002800251910002800279942001300307952010300320999001700423OSt20201012100340.0201012b ||||| |||| 00| 0 eng d aDO-SdBNPbspacBNPHU aRestrepo, Nelsy, de976835 aComer para vivir :brecetario vegetarianocNelsy de Restrepo, Josè Leal Segura a[s.l].b[s.n]c1990 a91 p. :bil.c22 cm aInventariado, 2020 / DG aInventariado, 2020 / DG 2ddccLF1 00102ddc70aBNPHUbBNPHUcCTd2014-06-11eDonado por Reyes Dulucl0r2020-10-12w2020-10-12yLF1 c48859d48859